Rodové odlišnosti na poste manažéra
Komplexné faktory ovplyvňujúce rodové odlišnosti. Vplyv pandémie Covid-19 na rodové rozdiely.
Na minha lista:
| Autor principal: | |
|---|---|
| Formato: | Capítulo de Livro |
| Idioma: | eslovaco |
| Assuntos: | |
| Tags: |
Sem tags, seja o primeiro a adicionar uma tag!
|
MARC
| LEADER | 00000naa$a2200000$$$4500 | ||
|---|---|---|---|
| 001 | 0281427 | ||
| 005 | 20240502083905.0 | ||
| 041 | 0 | |a slo | |
| 044 | |a PL | ||
| 245 | 1 | 0 | |a Rodové odlišnosti na poste manažéra |c Zuzana Kudlová |
| 520 | |a Komplexné faktory ovplyvňujúce rodové odlišnosti. Vplyv pandémie Covid-19 na rodové rozdiely. | ||
| 610 | 2 | 0 | |a diferenciácia rodová |
| 610 | 2 | 0 | |a manažéri |
| 610 | 2 | 0 | |a pandémia |
| 610 | 2 | 0 | |a diskriminácia rodová |
| 100 | 1 | |a Kudlová, Zuzana, 1986- | |